000 00331 a2200157 4500
001 44819
020 _a
040 _cAnchieta - Aquarius
100 _aHeine, Palmira
240 1 0 _aMeu planeta azul
_lpor
245 1 0 _aMeu planeta azul
300 _a23
362 0 _a2007
650 4 _aLiteratura infanto-juvenil
942 _cBK
999 _c44819
_d44819